000 00643nam a22002297a 4500
003 UA-OsUOA
001 70195
007 ta
008 20100901b un ||||| |||| 00| 0 ukr d
100 _aЗубков С.
090 _a82.09(477)
_bЗ-91
942 _cBK
040 _aUA-OsUOA
_bukr
_cUA-OsUOA
_dUA-OsUOA
245 _aГригорій Квітка-Основ'яненко
_bЖиття і творчість
300 _a368 с.
955 _a2
041 _aukr
080 _a82.09(477)
260 _aК.
_bДніпро
_c1978
650 7 _a82 Література. Літературознавство
_2UDC
999 _c356465
_d356465